Statystyki dla Ziemie obecnych państw pod panowaniem Węgier na przestrzeni lat

Kliknij tutaj aby rozwiązać quiz!

Ogólne statystyki

  • Ten quiz został rozwiązany 26 razy
  • Średni wynik to 16 z 19

Statystyki odpowiedzi

Państwo:% Poprawnych
Austria
100%
Polska
100%
Serbia
100%
Ukraina
100%
Bośnia i Hercegowina
95%
Słowacja
95%
Chorwacja
91%
Czechy
91%
Rumunia
91%
Niemcy
86%
Słowenia
86%
Kosowo
77%
Włochy
77%
Albania
73%
Czarnogóra
73%
Mołdawia
73%
Bułgaria
68%
Węgry
68%
Białoruś
36%

Rozkład punktacji

Percentyl według liczby udzielonych odpowiedzi

Procent ludzi z każdym wynikiem

Twoja historia wyników

Nie rozwiązałeś tego quizu